US Marine Corps Ranks - Statistics

General Stats
  • This quiz has been taken 1,121 times
  • The average score is 20 of 27
Answer Stats
Hint Answer % Correct
E-1 Private
98%
E-2 Private First Class
94%
E-5 Sergeant
93%
E-4 Corporal
92%
E-3 Lance Corporal
85%
E-6 Staff Sergeant
85%
O-3 Captain
81%
E-7 Gunnery Sergeant
81%
E-8 Master Sergeant
81%
E-9 Sergeant Major
80%
O-4 Major
79%
O-6 Colonel
76%
E-8 First Sergeant
76%
O-10 General
76%
O-2 First Lieutenant
74%
O-1 Second Lieutenant
73%
O-5 Lieutenant Colonel
69%
O-8 Major General
68%
O-9 Lieutenant General
66%
O-7 Brigadier General
65%
E-9 Master Gunnery Sergeant
64%
E-9 Sergeant Major of the Marine Corps
63%
WO-1 Warrant Officer 1
58%
WO-2 Chief Warrant Officer 2
47%
WO-3 Chief Warrant Officer 3
46%
WO-4 Chief Warrant Officer 4
46%
WO-5 Chief Warrant Officer 5
46%
No matching quizzes found
Score Distribution
Percent of People with Each Score
Percentile by Number Answered
Your Score History
You have not taken this quiz